ბათუმის შოთა რუსთაველის სახელმწიფო უნივერსიტეტის ბიბლიოთეკა

Железобетонные конструкции. (ბიბ.ჩანაწერი № 38709)

000 -LEADER
fixed length control field 00662nam a2200229Ia 4500
001 - CONTROL NUMBER
control field 4985
003 - CONTROL NUMBER IDENTIFIER
control field GE_BSU
008 - FIXED-LENGTH DATA ELEMENTS--GENERAL INFORMATION
fixed length control field 181216s||||||||xx |||||||||||||| ||und||
040 ## - CATALOGING SOURCE
Transcribing agency GE_BSU
080 ## - UNIVERSAL DECIMAL CLASSIFICATION NUMBER
Universal Decimal Classification number 624.82
100 ## - MAIN ENTRY--PERSONAL NAME
Personal name Ивянский,А.М. Маркович, А.М.
245 ## - TITLE STATEMENT
Title Железобетонные конструкции.
245 ## - TITLE STATEMENT
Remainder of title Учебн.
245 ## - TITLE STATEMENT
Statement of responsibility, etc. Ред. Г.В. Елизаветская.
260 ## - PUBLICATION, DISTRIBUTION, ETC.
Place of publication, distribution, etc. М.
260 ## - PUBLICATION, DISTRIBUTION, ETC.
Name of publisher, distributor, etc. Сельхозгиз.
260 ## - PUBLICATION, DISTRIBUTION, ETC.
Date of publication, distribution, etc. 1961.
300 ## - PHYSICAL DESCRIPTION
Extent 400стр. с илл. 27см.
300 ## - PHYSICAL DESCRIPTION
Accompanying material приложения.
653 ## - INDEX TERM--UNCONTROLLED
Uncontrolled term Железобетонные конструкции.
942 ## - ADDED ENTRY ELEMENTS (KOHA)
Koha item type წიგნი
ეგზემპლარები
Withdrawn status Lost status Damaged status Not for loan Date acquired Barcode Date last seen Price effective from Koha item type
        2018-12-17 11448 2018-12-17 2018-12-17 წიგნი